[Event "AUT-chT2S 9900"]
[Site "Austria"]
[Date "1999.10.09"]
[Round "1.1"]
[White "Ivancsics, Michael"]
[Black "Bukal, Vladimir Jr"]
[Result "0-1"]
[WhiteElo "2255"]
[BlackElo "2390"]
[Annotator "Gabriele Ballarin"]
[PlyCount "110"]
[EventDate "1999.10.??"]
[EventType "team"]
[EventRounds "11"]
[EventCountry "AUT"]
[SourceTitle "EXT 2002"]
[Source "ChessBase"]
[SourceDate "2001.11.25"]
[SourceVersion "1"]
[SourceVersionDate "2001.11.25"]
[SourceQuality "1"]

1. d4 d5 2. c4 c6 3. Nf3 Nf6 4. Nc3 a6 5. c5 g6 6. Bf4 Bg7 7. h3 O-O 8. e3 Bf5 9. Qb3 Qc8 10. Be2 Nbd7 11. O-O Ne4 12. Rad1 h6 13. Na4 Ra7 14. Nb6 Nxb6 15. Qxb6 Ra8 16. Be5 Nf6 17. Bh2 Bc2 18. Rd2 Ba4 19. b3 Bb5 20. a4 Bxe2 21. Rxe2 a5 22. Qc7 Qxc7 23. Bxc7 Nd7 24. Rb1 Rfc8 25. Bg3 Ra6 26. b4 axb4 27. Rxb4 b6 28. cxb6 Nxb6 29. Ra2 c5 30. dxc5 Rxc5 31. Nd4 Rc1+ 32. Kh2 e5 33. Ne2 Rc5 34. f4 exf4 35. Nxf4 Rc4 36. Rb5 d4 37. e4 Rcxa4 38. Rab2 Nc4 39. Rb8+ Kh7 40. R2b7 Ra7 41. Nd3 Ra3 42. Rxa7 Rxa7 43. Rb4 Ne3 44. Be5 Ra2 45. Rxd4 Rxg2+ 46. Kh1 Rd2 47. Rd7 Bxe5 48. Nxe5 Rxd7 49. Nxd7 g5 50. Kg1 Nc4 51. Kf2 Kg6 52. Kf3 Kh5 53. Nf6+ Kh4 54. Kg2 Nd2 55. Ng4 Kh5 0-1

[Event "AUT-chT2S 9900"]
[Site "Austria"]
[Date "1999.10.09"]
[Round "1.1"]
[White "Petschar, Kurt"]
[Black "Petran, Pal"]
[Result "1/2-1/2"]
[WhiteElo "2250"]
[BlackElo "2371"]
[Annotator "Gabriele Ballarin"]
[PlyCount "59"]
[EventDate "1999.10.??"]
[EventType "team"]
[EventRounds "11"]
[EventCountry "AUT"]
[SourceTitle "EXT 2002"]
[Source "ChessBase"]
[SourceDate "2001.11.25"]
[SourceVersion "1"]
[SourceVersionDate "2001.11.25"]
[SourceQuality "1"]

1. d4 Nf6 2. Nf3 e6 3. c4 b6 4. Bg5 Bb7 5. e3 h6 6. Bxf6 Qxf6 7. Nc3 Bb4 8. Rc1 c5 9. dxc5 bxc5 10. Be2 Qe7 11. O-O O-O 12. Ne5 d6 13. Nd3 Bxc3 14. Rxc3 Nc6 15. Bf3 Rab8 16. Qd2 Rfd8 17. Rd1 Qc7 18. b3 a5 19. Nb2 Rd7 20. Na4 Rbd8 21. Rdc1 Nb4 22. Bxb7 Qxb7 23. Qe2 Qc6 24. a3 Na6 25. Rd3 d5 26. cxd5 exd5 27. Qf3 Qd6 28. Rcd1 Qe6 29. Qe2 Qc6 30. Rc1 1/2-1/2

[Event "AUT-chT2S 9900"]
[Site "Austria"]
[Date "1999.10.09"]
[Round "1.1"]
[White "Siklosi, Zoltan"]
[Black "Rogic, Davor"]
[Result "1/2-1/2"]
[WhiteElo "2337"]
[BlackElo "2505"]
[Annotator "Gabriele Ballarin"]
[PlyCount "66"]
[EventDate "1999.10.??"]
[EventType "team"]
[EventRounds "11"]
[EventCountry "AUT"]
[SourceTitle "EXT 2002"]
[Source "ChessBase"]
[SourceDate "2001.11.25"]
[SourceVersion "1"]
[SourceVersionDate "2001.11.25"]
[SourceQuality "1"]

1. e4 c5 2. Nf3 e6 3. Nc3 a6 4. d4 cxd4 5. Nxd4 b5 6. Bd3 Bb7 7. O-O d6 8. a4 bxa4 9. Rxa4 Nf6 10. Qe2 Be7 11. Nb3 Nfd7 12. Na5 Bc8 13. Be3 Ne5 14. Nc4 Nxc4 15. Bxc4 Bb7 16. f4 Bf6 17. e5 Be7 18. f5 d5 19. Bd3 exf5 20. Bxf5 Nc6 21. e6 d4 22. Qh5 Ne5 23. Rxd4 Qb6 24. Na4 Qb5 25. Bd3 Qa5 26. Be4 Rb8 27. Rxf7 Nf3+ 28. Qxf3 Qe1+ 29. Qf1 Qxe3+ 30. Qf2 Qc1+ 31. Qf1 Qe3+ 32. Qf2 Qc1+ 33. Qf1 Qe3+ 1/2-1/2

[Event "AUT-chT2S 9900"]
[Site "Austria"]
[Date "1999.10.09"]
[Round "1.2"]
[White "Ceschia, Ivano"]
[Black "Tabernig, Bernhard"]
[Result "1-0"]
[WhiteElo "2330"]
[BlackElo "2360"]
[Annotator "Gabriele Ballarin"]
[PlyCount "169"]
[EventDate "1999.10.??"]
[EventType "team"]
[EventRounds "11"]
[EventCountry "AUT"]
[SourceTitle "EXT 2002"]
[Source "ChessBase"]
[SourceDate "2001.11.25"]
[SourceVersion "1"]
[SourceVersionDate "2001.11.25"]
[SourceQuality "1"]

1. e4 e6 2. d4 d5 3. Nc3 Nf6 4. Bg5 dxe4 5. Nxe4 Be7 6. Bxf6 Bxf6 7. Nf3 O-O 8. Nxf6+ Qxf6 9. Bd3 c5 10. dxc5 Qxb2 11. O-O Nd7 12. Ng5 h6 13. Ne4 Qe5 14. Rb1 Nxc5 15. Rb5 b6 16. Re1 Qc7 17. Nxc5 bxc5 18. Qh5 f5 19. Bc4 Bd7 20. Rb3 Qf4 21. Qe2 Rae8 22. Rb7 Bc6 23. Rxa7 Bd5 24. Bb5 Qb8 25. Ra6 c4 26. Bxe8 Rxe8 27. Qe5 Qb7 28. Ra3 Bxg2 29. Rg3 Bd5 30. h4 Re7 31. Kh2 Qa7 32. Qf4 Qxa2 33. Reg1 Qxc2 34. Qd4 g5 35. hxg5 h5 36. Rh3 Qe4 37. Qxe4 Bxe4 38. f3 Bd5 39. Kg3 c3 40. Rxh5 e5 41. g6 Re6 42. Kf2 Re7 43. Rxf5 c2 44. f4 Rc7 45. Rxe5 c1=Q 46. Rxc1 Rxc1 47. Rxd5 Kg7 48. f5 Kf6 49. Rd8 Rc7 50. Rd5 Rc3 51. Ke2 Ra3 52. Kd2 Rg3 53. Rc5 Ra3 54. Ke2 Rb3 55. Kf2 Ra3 56. Rb5 Rc3 57. Rb8 Rc7 58. Rb5 Rc3 59. Ke2 Ra3 60. Kd2 Rg3 61. Kc2 Rf3 62. Rd5 Rg3 63. Rd3 Rg2+ 64. Rd2 Rg3 65. Rf2 Ra3 66. Kd2 Rb3 67. Ke2 Ra3 68. Rf3 Ra2+ 69. Ke3 Ra4 70. Kf2 Rb4 71. Kg3 Ra4 72. Rf4 Ra1 73. Rf3 Ra4 74. Kh3 Rb4 75. Rg3 Rb8 76. Kg4 Rb1 77. Rg2 Rh1 78. Kf3 Rh8 79. Kf4 Ra8 80. g7 Rg8 81. Rg6+ Kf7 82. Ke5 Re8+ 83. Kd6 Rd8+ 84. Kc7 Re8 85. Kd7 1-0

[Event "AUT-chT2S 9900"]
[Site "Austria"]
[Date "1999.10.09"]
[Round "1.2"]
[White "Krebs, Johann"]
[Black "Beck, Hartmuth"]
[Result "1-0"]
[WhiteElo "2130"]
[BlackElo "2235"]
[Annotator "Gabriele Ballarin"]
[PlyCount "63"]
[EventDate "1999.10.??"]
[EventType "team"]
[EventRounds "11"]
[EventCountry "AUT"]
[SourceTitle "EXT 2002"]
[Source "ChessBase"]
[SourceDate "2001.11.25"]
[SourceVersion "1"]
[SourceVersionDate "2001.11.25"]
[SourceQuality "1"]

1. d4 f5 2. g3 g6 3. Bg2 Bg7 4. Nh3 d6 5. c3 c6 6. Qb3 Qb6 7. Qxb6 axb6 8. Nd2 Nf6 9. O-O Be6 10. Nf4 Bf7 11. Nd3 Nbd7 12. a3 b5 13. e4 Bc4 14. Nxc4 bxc4 15. Nf4 fxe4 16. Ne6 Kf7 17. Ng5+ Kg8 18. Nxe4 Nxe4 19. Bxe4 d5 20. Bg2 e5 21. Bh3 Nb6 22. dxe5 Bxe5 23. Re1 Bd6 24. Be3 c5 25. Bh6 Kf7 26. Re3 Rhe8 27. Rae1 Rxe3 28. Rxe3 Re8 29. Rf3+ Kg8 30. Rf6 Be7 31. Be6+ Kh8 32. Rf7 1-0

[Event "AUT-chT2S 9900"]
[Site "Austria"]
[Date "1999.10.09"]
[Round "1.2"]
[White "Mitter, Gerd"]
[Black "Demuth, Markus"]
[Result "0-1"]
[WhiteElo "2261"]
[BlackElo "2221"]
[Annotator "Gabriele Ballarin"]
[PlyCount "60"]
[EventDate "1999.10.??"]
[EventType "team"]
[EventRounds "11"]
[EventCountry "AUT"]
[SourceTitle "EXT 2002"]
[Source "ChessBase"]
[SourceDate "2001.11.25"]
[SourceVersion "1"]
[SourceVersionDate "2001.11.25"]
[SourceQuality "1"]

1. c4 g6 2. Nc3 Bg7 3. g3 d6 4. Bg2 e5 5. Nf3 Nc6 6. O-O f5 7. d3 Nf6 8. Rb1 a5 9. a3 O-O 10. b4 axb4 11. axb4 h6 12. Qc2 g5 13. b5 Ne7 14. Bb2 f4 15. Nd5 Bg4 16. Nxf6+ Bxf6 17. c5 Qc8 18. Ra1 Qe6 19. Rxa8 Rxa8 20. Ra1 Ra2 21. Rxa2 Qxa2 22. cxd6 cxd6 23. Qc4+ Qxc4 24. dxc4 Kf7 25. Nd2 b6 26. Kf1 Be6 27. Ba3 Nc8 28. Bb7 Be7 29. Ne4 d5 30. cxd5 Bh3+ 0-1

[Event "AUT-chT2S 9900"]
[Site "Austria"]
[Date "1999.10.09"]
[Round "1.2"]
[White "Mocchi, Tullio"]
[Black "Singer, Richard"]
[Result "1/2-1/2"]
[WhiteElo "2390"]
[BlackElo "2290"]
[Annotator "Gabriele Ballarin"]
[PlyCount "109"]
[EventDate "1999.10.??"]
[EventType "team"]
[EventRounds "11"]
[EventCountry "AUT"]
[SourceTitle "EXT 2002"]
[Source "ChessBase"]
[SourceDate "2001.11.25"]
[SourceVersion "1"]
[SourceVersionDate "2001.11.25"]
[SourceQuality "1"]

1. e4 c6 2. d4 d5 3. exd5 cxd5 4. Bd3 Nc6 5. c3 Nf6 6. Bf4 e6 7. Nf3 Be7 8. O-O Bd7 9. Qb3 Nh5 10. Bg3 Nxg3 11. hxg3 Qc7 12. Nbd2 a6 13. a4 O-O 14. Rfe1 Bf6 15. Nf1 Rfc8 16. Ne3 g6 17. Ng4 Bg7 18. Nge5 Na5 19. Qc2 Be8 20. Qe2 Nc4 21. Bxc4 dxc4 22. Nd2 b5 23. Qf3 bxa4 24. Nexc4 Rab8 25. Rab1 Bh6 26. Ne3 Bc6 27. Qd1 Rd8 28. Ng4 Bg7 29. Ne5 Qb7 30. f3 Bb5 31. Rc1 Be8 32. Rc2 Rbc8 33. Qc1 Qc7 34. Nec4 Bb5 35. Ne3 Bd3 36. Ne4 Bxc2 37. Nxc2 e5 38. dxe5 Bxe5 39. Qh6 Qb6+ 40. Kh2 Bg7 41. Qh4 h6 42. Nd4 Rxd4 43. cxd4 Qxd4 44. Re2 Rc1 45. Nf2 Qxh4+ 46. gxh4 Ra1 47. Re8+ Kh7 48. Nd3 a3 49. bxa3 Rxa3 50. Nc5 Bd4 51. Ne4 a5 52. Re7 Kg8 53. Rd7 Be5+ 54. Kh3 Bg7 55. Re7 1/2-1/2

[Event "AUT-chT2S 9900"]
[Site "Austria"]
[Date "1999.10.09"]
[Round "1.2"]
[White "Raffalt, Manfred"]
[Black "Pilaj, Herwig"]
[Result "0-1"]
[WhiteElo "2206"]
[BlackElo "2197"]
[Annotator "Gabriele Ballarin"]
[PlyCount "46"]
[EventDate "1999.10.??"]
[EventType "team"]
[EventRounds "11"]
[EventCountry "AUT"]
[SourceTitle "EXT 2002"]
[Source "ChessBase"]
[SourceDate "2001.11.25"]
[SourceVersion "1"]
[SourceVersionDate "2001.11.25"]
[SourceQuality "1"]

1. d4 Nf6 2. c4 c5 3. d5 b5 4. Nd2 bxc4 5. e4 c3 6. bxc3 g6 7. e5 Nxd5 8. Qf3 Nb6 9. Bc4 f5 10. Ne2 Bg7 11. h4 Nc6 12. h5 Nxe5 13. Qh3 Nexc4 14. Nxc4 Nxc4 15. hxg6 h6 16. Bxh6 Rxh6 17. Qxh6 Bxh6 18. Rxh6 d6 19. Rh8+ Kd7 20. Rxd8+ Kxd8 21. Nf4 Ba6 22. O-O-O Kd7 23. Rh1 Ne5 0-1

[Event "AUT-chT2S 9900"]
[Site "Austria"]
[Date "1999.10.09"]
[Round "1.3"]
[White "Brod, Manfred"]
[Black "Pesorda, Ivan"]
[Result "1/2-1/2"]
[WhiteElo "2223"]
[BlackElo "2180"]
[Annotator "Gabriele Ballarin"]
[PlyCount "37"]
[EventDate "1999.10.??"]
[EventType "team"]
[EventRounds "11"]
[EventCountry "AUT"]
[SourceTitle "EXT 2002"]
[Source "ChessBase"]
[SourceDate "2001.11.25"]
[SourceVersion "1"]
[SourceVersionDate "2001.11.25"]
[SourceQuality "1"]

1. e4 c5 2. Nf3 d6 3. d4 cxd4 4. Nxd4 Nf6 5. Nc3 Nc6 6. Be2 e5 7. Nf3 h6 8. O-O Be6 9. Re1 Be7 10. Bf1 O-O 11. h3 Nb8 12. b3 a6 13. a4 Qc7 14. Bb2 Nbd7 15. a5 Rac8 16. Nd2 d5 17. exd5 Nxd5 18. Nxd5 Bxd5 19. c4 1/2-1/2

[Event "AUT-chT2S 9900"]
[Site "Austria"]
[Date "1999.10.09"]
[Round "1.3"]
[White "Dohr, Alexander"]
[Black "Reichmann, Egon"]
[Result "1/2-1/2"]
[WhiteElo "2193"]
[BlackElo "2260"]
[Annotator "Gabriele Ballarin"]
[PlyCount "111"]
[EventDate "1999.10.??"]
[EventType "team"]
[EventRounds "11"]
[EventCountry "AUT"]
[SourceTitle "EXT 2002"]
[Source "ChessBase"]
[SourceDate "2001.11.25"]
[SourceVersion "1"]
[SourceVersionDate "2001.11.25"]
[SourceQuality "1"]

1. Nf3 Nf6 2. b3 c5 3. Bb2 Nc6 4. c4 e6 5. g3 Be7 6. Bg2 O-O 7. O-O d5 8. cxd5 Nxd5 9. Na3 b6 10. Nc4 Bb7 11. Rc1 Bf6 12. Nce5 Qc7 13. Nd3 Bxb2 14. Nxb2 Rad8 15. Qc2 Ndb4 16. Qb1 Nd4 17. Nxd4 Rxd4 18. a3 Bxg2 19. Kxg2 Qb7+ 20. f3 Nc6 21. Qc2 Rfd8 22. d3 a5 23. Rf2 Ne7 24. Nd1 Nf5 25. Qb2 h5 26. Qd2 Qe7 27. Ne3 Qg5 28. f4 Nxe3+ 29. Qxe3 Qd5+ 30. Qf3 Qxb3 31. Qxh5 Qxa3 32. Rb1 R4d6 33. Qg5 Qa2 34. Rxb6 Qd5+ 35. Qxd5 exd5 36. Rb5 c4 37. dxc4 dxc4 38. Rxa5 Rc6 39. Ra2 f5 40. Rf3 c3 41. Rc2 Rdc8 42. Rd3 Kf7 43. h3 Kf6 44. g4 g6 45. Kf3 Rc4 46. Rd6+ Kf7 47. Kg3 Re4 48. Rd7+ Kf8 49. Kf3 Rcc4 50. e3 Rc5 51. Rb7 Rec4 52. Ke2 g5 53. Kf3 gxf4 54. exf4 Rd5 55. gxf5 Rxf5 56. Ke3 1/2-1/2

[Event "AUT-chT2S 9900"]
[Site "Austria"]
[Date "1999.10.09"]
[Round "1.3"]
[White "Egartner, Wolfgang"]
[Black "Jochinger, Ferdinand"]
[Result "1/2-1/2"]
[WhiteElo "2141"]
[BlackElo "2200"]
[Annotator "Gabriele Ballarin"]
[PlyCount "35"]
[EventDate "1999.10.??"]
[EventType "team"]
[EventRounds "11"]
[EventCountry "AUT"]
[SourceTitle "EXT 2002"]
[Source "ChessBase"]
[SourceDate "2001.11.25"]
[SourceVersion "1"]
[SourceVersionDate "2001.11.25"]
[SourceQuality "1"]

1. d4 d5 2. c4 e6 3. g3 c6 4. Bg2 Bb4+ 5. Bd2 Bxd2+ 6. Nxd2 Ne7 7. Ngf3 Nd7 8. O-O O-O 9. e4 b6 10. Re1 Bb7 11. Rc1 Rc8 12. b4 c5 13. bxc5 dxe4 14. Nxe4 Bxe4 15. Rxe4 bxc5 16. dxc5 Nxc5 17. Rd4 Qc7 18. Qe2 1/2-1/2

[Event "AUT-chT2S 9900"]
[Site "Austria"]
[Date "1999.10.09"]
[Round "1.3"]
[White "Genser, Harald"]
[Black "Arwanitakis, Michael"]
[Result "0-1"]
[WhiteElo "2160"]
[BlackElo "2155"]
[Annotator "Gabriele Ballarin"]
[PlyCount "130"]
[EventDate "1999.10.??"]
[EventType "team"]
[EventRounds "11"]
[EventCountry "AUT"]
[SourceTitle "EXT 2002"]
[Source "ChessBase"]
[SourceDate "2001.11.25"]
[SourceVersion "1"]
[SourceVersionDate "2001.11.25"]
[SourceQuality "1"]

1. Nf3 Nf6 2. d4 g6 3. c4 Bg7 4. Nc3 O-O 5. e3 c5 6. Be2 cxd4 7. Nxd4 d5 8. Qb3 e5 9. Nf3 d4 10. exd4 exd4 11. Nb5 Re8 12. Nbxd4 Nc6 13. Nxc6 bxc6 14. Be3 Ng4 15. O-O Nxe3 16. fxe3 Bg4 17. Rad1 Qe7 18. h3 Rab8 19. Qa3 Rxb2 20. Qxe7 Rxe7 21. Rd8+ Bf8 22. Bd3 Bxf3 23. Rxf3 Rxa2 24. Rc8 Ra3 25. Bf1 Re6 26. Rc7 Be7 27. c5 Raxe3 28. Rxe3 Bxc5 29. Bc4 Bxe3+ 30. Kf1 Rf6+ 31. Ke2 Bb6 32. Rb7 Rf4 33. Kd3 h5 34. Bb3 h4 35. Bd1 Rd4+ 36. Kc2 c5 37. Bf3 Kg7 38. Bg4 Rf4 39. Bf3 c4 40. Kc3 Bf2 41. Bd5 Be1+ 42. Kc2 Rf2+ 43. Kc1 c3 44. Bb3 a6 45. Kd1 Bd2 46. Kc2 Rf5 47. Ra7 a5 48. Rb7 Be1 49. Kc1 Rf2 50. Kd1 Bd2 51. Kc2 a4 52. Bxa4 Rxg2 53. Bb3 Rf2 54. Rd7 Rf3 55. Be6 Kf8 56. Bd5 Rf2 57. Bb3 g5 58. Rb7 f5 59. Rf7+ Ke8 60. Be6 Re2 61. Bc4 Re4 62. Rc7 g4 63. Bd3 Rf4 64. Rc5 g3 65. Bxf5 Rxf5 0-1

[Event "AUT-chT2S 9900"]
[Site "Austria"]
[Date "1999.10.09"]
[Round "1.3"]
[White "Kuba, Guenter"]
[Black "Aschenbrenner, Robert"]
[Result "1-0"]
[WhiteElo "2238"]
[BlackElo "2160"]
[Annotator "Gabriele Ballarin"]
[PlyCount "79"]
[EventDate "1999.10.??"]
[EventType "team"]
[EventRounds "11"]
[EventCountry "AUT"]
[SourceTitle "EXT 2002"]
[Source "ChessBase"]
[SourceDate "2001.11.25"]
[SourceVersion "1"]
[SourceVersionDate "2001.11.25"]
[SourceQuality "1"]

1. e4 c5 2. Nf3 Nc6 3. Bb5 g6 4. O-O Bg7 5. c3 Qb6 6. a4 Nf6 7. Re1 O-O 8. d4 cxd4 9. cxd4 a6 10. Bc4 d6 11. h3 Nd7 12. d5 Nce5 13. Nbd2 Qc5 14. Bf1 Nxf3+ 15. Nxf3 Qb4 16. Ra2 Nc5 17. Bd2 Qb3 18. Qb1 Bd7 19. Re3 Qb6 20. a5 Qc7 21. b4 Na4 22. Rea3 b5 23. axb6 Nxb6 24. Rxa6 Rxa6 25. Bxa6 f5 26. Rc2 Qa7 27. Bd3 Qb7 28. Bg5 Ba4 29. Re2 f4 30. Qc1 Rc8 31. Qxf4 Bd1 32. Re1 Rf8 33. Qg4 Bxf3 34. gxf3 Kh8 35. Kg2 Nc8 36. Rc1 Bf6 37. Be3 Be5 38. b5 Nb6 39. Rc6 Na4 40. b6 1-0

[Event "AUT-chT2S 9900"]
[Site "Austria"]
[Date "1999.10.09"]
[Round "1.3"]
[White "Lendwai, Reinhard"]
[Black "Bachler, Reinhard"]
[Result "1-0"]
[WhiteElo "2371"]
[BlackElo "2220"]
[Annotator "Gabriele Ballarin"]
[PlyCount "111"]
[EventDate "1999.10.??"]
[EventType "team"]
[EventRounds "11"]
[EventCountry "AUT"]
[SourceTitle "EXT 2002"]
[Source "ChessBase"]
[SourceDate "2001.11.25"]
[SourceVersion "1"]
[SourceVersionDate "2001.11.25"]
[SourceQuality "1"]

1. Nf3 d5 2. g3 c6 3. b3 Bf5 4. Bg2 Nf6 5. Bb2 e6 6. O-O h6 7. d3 a5 8. a3 Be7 9. Nbd2 O-O 10. Qe1 Bh7 11. e4 Na6 12. Qe2 Nc5 13. Rad1 Re8 14. Ne5 Nfd7 15. Nxd7 Nxd7 16. Kh1 Qb6 17. Rb1 Bc5 18. Nf3 Bg6 19. h3 Qa6 20. e5 Be7 21. Rfe1 Nc5 22. Qd2 b5 23. g4 b4 24. axb4 axb4 25. Ra1 Qb7 26. Nd4 Bh4 27. Rf1 f5 28. gxf5 exf5 29. f4 Be7 30. Bf3 Qd7 31. Qg2 Rxa1 32. Rxa1 Bf7 33. e6 Bxe6 34. Nxf5 Bf8 35. Nxh6+ Kh8 36. Ng4 Bxg4 37. Bxg4 Qd6 38. Be5 Qh6 39. Qg3 Bd6 40. Re1 Rf8 41. Kg2 Bxe5 42. fxe5 Ne6 43. Bxe6 Qxe6 44. Qg4 Rf5 45. d4 g6 46. Rf1 c5 47. Rxf5 gxf5 48. Qh4+ Kg8 49. dxc5 d4 50. Qxd4 Qc6+ 51. Kg1 Qf3 52. Qd3 Qh5 53. c6 Qg5+ 54. Kh2 Kf8 55. Qd6+ Kg8 56. Qe6+ 1-0

[Event "AUT-chT2S 9900"]
[Site "Austria"]
[Date "1999.10.09"]
[Round "1.4"]
[White "Pichler, Peter"]
[Black "Waldmann, Gerald"]
[Result "1/2-1/2"]
[WhiteElo "2205"]
[BlackElo "2155"]
[Annotator "Gabriele Ballarin"]
[PlyCount "26"]
[EventDate "1999.10.??"]
[EventType "team"]
[EventRounds "11"]
[EventCountry "AUT"]
[SourceTitle "EXT 2002"]
[Source "ChessBase"]
[SourceDate "2001.11.25"]
[SourceVersion "1"]
[SourceVersionDate "2001.11.25"]
[SourceQuality "1"]

1. d4 d5 2. Nf3 Nf6 3. c4 c6 4. cxd5 cxd5 5. Nc3 Nc6 6. Bf4 a6 7. e3 Bf5 8. Be2 e6 9. O-O Bd6 10. Bxd6 Qxd6 11. Na4 Nd7 12. Rc1 O-O 13. Nh4 Bg6 1/2-1/2

[Event "AUT-chT2S 9900"]
[Site "Austria"]
[Date "1999.10.09"]
[Round "1.4"]
[White "Schein, Karl Heinz"]
[Black "Mahdy, Khaled"]
[Result "1/2-1/2"]
[WhiteElo "2229"]
[BlackElo "2332"]
[Annotator "Gabriele Ballarin"]
[PlyCount "49"]
[EventDate "1999.10.??"]
[EventType "team"]
[EventRounds "11"]
[EventCountry "AUT"]
[SourceTitle "EXT 2002"]
[Source "ChessBase"]
[SourceDate "2001.11.25"]
[SourceVersion "1"]
[SourceVersionDate "2001.11.25"]
[SourceQuality "1"]

1. e4 e5 2. Bc4 Nf6 3. d4 exd4 4. Nf3 Nc6 5. e5 d5 6. Bb5 Ne4 7. Nxd4 Bd7 8. Nxc6 bxc6 9. Bd3 Qh4 10. O-O Bc5 11. Bxe4 Qxe4 12. Nd2 Qg6 13. Nb3 Bb6 14. Kh1 O-O 15. Bf4 f6 16. Qd2 fxe5 17. Bxe5 Rf5 18. f4 Rh5 19. Rf3 Rf8 20. Qc3 Bg4 21. Rd3 Rf7 22. Nc5 Bxc5 23. Qxc5 Bf5 24. Rb3 h6 25. Kg1 1/2-1/2

[Event "AUT-chT2S 9900"]
[Site "Austria"]
[Date "1999.10.09"]
[Round "1.4"]
[White "Solinas, Carlo"]
[Black "Wegerer, Fred"]
[Result "0-1"]
[WhiteElo "2087"]
[BlackElo "2196"]
[Annotator "Gabriele Ballarin"]
[PlyCount "80"]
[EventDate "1999.10.??"]
[EventType "team"]
[EventRounds "11"]
[EventCountry "AUT"]
[SourceTitle "EXT 2002"]
[Source "ChessBase"]
[SourceDate "2001.11.25"]
[SourceVersion "1"]
[SourceVersionDate "2001.11.25"]
[SourceQuality "1"]

1. e4 c5 2. d4 cxd4 3. c3 dxc3 4. Nxc3 a6 5. Bc4 e6 6. Nf3 Ne7 7. O-O Ng6 8. Qe2 Be7 9. g3 d6 10. Rd1 Nc6 11. Bb3 Bd7 12. h4 Nge5 13. Nh2 Na5 14. Bc2 b5 15. f4 Nec6 16. Be3 Nc4 17. Bf2 Nxb2 18. e5 Nxd1 19. Rxd1 d5 20. f5 Qc7 21. fxe6 fxe6 22. Qh5+ Kd8 23. Ng4 Be8 24. Nxd5 Bxh5 25. Nxc7+ Kxc7 26. Be4 Rac8 27. Rc1 Kd7 28. Rd1+ Ke8 29. Bf3 Kf7 30. Be3 Bxg4 31. Bxg4 Nxe5 32. Rf1+ Bf6 33. Be2 Rc2 34. Bh5+ Ke7 35. Bd1 Rc3 36. Bf4 Nd3 37. Bd2 Rcc8 38. Bb3 Rhd8 39. Rf3 Bd4+ 40. Kg2 Ne5 0-1

[Event "AUT-chT2S 9900"]
[Site "Austria"]
[Date "1999.10.09"]
[Round "1.4"]
[White "Spirk, Stefan"]
[Black "Sorg, Bernd"]
[Result "1/2-1/2"]
[WhiteElo "2251"]
[BlackElo "2216"]
[Annotator "Gabriele Ballarin"]
[PlyCount "43"]
[EventDate "1999.10.??"]
[EventType "team"]
[EventRounds "11"]
[EventCountry "AUT"]
[SourceTitle "EXT 2002"]
[Source "ChessBase"]
[SourceDate "2001.11.25"]
[SourceVersion "1"]
[SourceVersionDate "2001.11.25"]
[SourceQuality "1"]

1. c4 Nf6 2. Nf3 g6 3. g3 Bg7 4. Bg2 O-O 5. O-O d5 6. cxd5 Nxd5 7. d4 c6 8. Nc3 Qb6 9. e4 Nc7 10. Qc2 Nba6 11. Be3 Qa5 12. a3 Qh5 13. Ne2 Bg4 14. Nf4 Qb5 15. b4 Ne6 16. Nxe6 Bxe6 17. Rfc1 Rac8 18. Ng5 Bd7 19. Bf1 Qb6 20. Qd2 Qd8 21. Rab1 Nc7 22. Nh3 1/2-1/2

[Event "AUT-chT2S 9900"]
[Site "Austria"]
[Date "1999.10.09"]
[Round "1.5"]
[White "Buchegger, Karl"]
[Black "Deutsch, Ludwig"]
[Result "0-1"]
[WhiteElo "2196"]
[BlackElo "2173"]
[Annotator "Gabriele Ballarin"]
[PlyCount "58"]
[EventDate "1999.10.??"]
[EventType "team"]
[EventRounds "11"]
[EventCountry "AUT"]
[SourceTitle "EXT 2002"]
[Source "ChessBase"]
[SourceDate "2001.11.25"]
[SourceVersion "1"]
[SourceVersionDate "2001.11.25"]
[SourceQuality "1"]

1. Nf3 c5 2. c4 Nc6 3. Nc3 g6 4. g3 Bg7 5. Bg2 e6 6. O-O Nge7 7. Rb1 O-O 8. a3 d5 9. cxd5 exd5 10. d3 h6 11. Bd2 Be6 12. b4 cxb4 13. axb4 d4 14. Na4 Nd5 15. b5 Nce7 16. e4 dxe3 17. fxe3 Rc8 18. Rc1 b6 19. d4 Rxc1 20. Qxc1 Nc7 21. Qb2 Qd7 22. Nc3 Bc4 23. Rf2 Nxb5 24. Ne5 Bxe5 25. dxe5 Nxc3 26. Bxc3 Qd1+ 27. Bf1 Nf5 28. Bd4 Rd8 29. Kg2 Rxd4 0-1

[Event "AUT-chT2S 9900"]
[Site "Austria"]
[Date "1999.10.09"]
[Round "1.5"]
[White "Kwatschewsky, Leo"]
[Black "Brunnsteiner, Mario"]
[Result "1-0"]
[WhiteElo "2307"]
[BlackElo "2151"]
[Annotator "Gabriele Ballarin"]
[PlyCount "60"]
[EventDate "1999.10.??"]
[EventType "team"]
[EventRounds "11"]
[EventCountry "AUT"]
[SourceTitle "EXT 2002"]
[Source "ChessBase"]
[SourceDate "2001.11.25"]
[SourceVersion "1"]
[SourceVersionDate "2001.11.25"]
[SourceQuality "1"]

1. d4 Nf6 2. c4 e6 3. Nf3 Bb4+ 4. Bd2 a5 5. Nc3 O-O 6. g3 Nc6 7. Bg2 d6 8. O-O e5 9. Bg5 Bxc3 10. bxc3 h6 11. Bc1 Rb8 12. Qc2 Nd7 13. Rd1 Qf6 14. c5 dxc5 15. Ba3 Qe7 16. dxe5 Ncxe5 17. Nxe5 Qxe5 18. Rd5 Qe7 19. Rad1 b6 20. R5d3 Ne5 21. Re3 Qf6 22. c4 Bf5 23. Qc1 Ng4 24. Bb2 Qg5 25. Rf3 Qxc1 26. Rxc1 Be4 27. Rf4 Bxg2 28. Rxg4 Bb7 29. Rxg7+ Kh8 30. Rxf7+ Kg8 1-0

[Event "AUT-chT2S 9900"]
[Site "Austria"]
[Date "1999.10.09"]
[Round "1.5"]
[White "Nickl, Klaus"]
[Black "Schroecker, Maria Luise"]
[Result "1-0"]
[WhiteElo "2200"]
[BlackElo "2095"]
[Annotator "Gabriele Ballarin"]
[PlyCount "107"]
[EventDate "1999.10.??"]
[EventType "team"]
[EventRounds "11"]
[EventCountry "AUT"]
[SourceTitle "EXT 2002"]
[Source "ChessBase"]
[SourceDate "2001.11.25"]
[SourceVersion "1"]
[SourceVersionDate "2001.11.25"]
[SourceQuality "1"]

1. Nf3 Nf6 2. g3 b6 3. Bg2 Bb7 4. O-O c5 5. c4 e6 6. Nc3 Be7 7. b3 O-O 8. Bb2 d5 9. cxd5 Nxd5 10. Nxd5 Bxd5 11. d4 Nd7 12. Qd2 Rc8 13. Rfd1 Bf6 14. Rac1 Rc7 15. Ba3 Qa8 16. dxc5 Nxc5 17. Bxc5 bxc5 18. Ne1 Bxg2 19. Nxg2 Rd8 20. Qc2 Qc8 21. Rxd8+ Qxd8 22. Rd1 Rd7 23. Rxd7 Qxd7 24. Ne3 Qd4 25. Nc4 h5 26. e3 Qd5 27. h4 Bd8 28. e4 Qd4 29. Kg2 Bc7 30. Nd2 a6 31. Nf3 Qd7 32. Qxc5 g6 33. Nd4 Bd8 34. Qc4 Qb7 35. Qc6 Qxc6 36. Nxc6 Bb6 37. b4 f6 38. a4 Kf7 39. a5 Bc7 40. Kf3 Ke8 41. b5 Kd7 42. Nd4 axb5 43. a6 Bb6 44. Nxb5 Kc6 45. a7 Kb7 46. Nd6+ Ka8 47. Nb5 e5 48. Ke2 Bd8 49. f4 exf4 50. gxf4 f5 51. e5 Bxh4 52. e6 Kb7 53. Nc7 Kxa7 54. Nd5 1-0